LEADER 01221nam--2200409---450- 001 990001181120203316 005 20031104111448.0 010 $a0-07-105476-6 035 $a000118112 035 $aUSA01000118112 035 $a(ALEPH)000118112USA01 035 $a000118112 100 $a20030930d1996----km-y0itay0103----ba 101 0 $aeng 102 $aUS 105 $aa|||||||001yy 200 1 $aCasarett and Doul's toxicology$ethe basic science of poison$feditori: Curtiss D. Klaassen$geditors emeriti: Mary O. Amdur, John Doull 205 $a5. ed 210 $aNew York [etc.]$cMcGraw-Hill$dcopyr. 1996 215 $aXV, 1111 p.$cill., graf., tab.$d29 cm 410 0$12001 454 1$12001 461 1$1001-------$12001 606 0 $aTossicologia 676 $a615.9 702 1$aKLAASSEN,$bCurtiss D. 702 1$aAMDUR,$bMary O. 702 1$aDOULL,$bJohn 801 0$aIT$bsalbc$gISBD 912 $a990001181120203316 951 $a615.9 CAS$b1271 FAR$c615.9 959 $aBK 979 $aSIAV1$b10$c20030930$lUSA01$h1204 979 $aSIAV1$b10$c20031104$lUSA01$h1114 979 $aPATRY$b90$c20040406$lUSA01$h1725 996 $aCasarett and Doul's toxicology$9982727 997 $aUNISA